Normal view
MARC view
- Mason, Paul
Entry Personal Name
001 - CONTROL NUMBER
- control field: 7484
003 - CONTROL NUMBER IDENTIFIER
- control field: OSt
005 - DATE AND TIME OF LATEST TRANSACTION
- control field: 20170524084418.0
008 - FIXED-LENGTH DATA ELEMENTS
- fixed length control field: 170524|| aca||aabn | a|a d
040 ## - CATALOGING SOURCE
- Original cataloging agency: OSt
- Transcribing agency: OSt
100 ## - HEADING--PERSONAL NAME
- Personal name: Mason, Paul
670 ## - SOURCE DATA FOUND
- Source citation: Work cat.: (OSt)0: Mason, Paul, Memperbaiki teknik berenang /, [200-]

PORTAL AKMAL
E-MEL JKDM
AKMAL2U
G-BAM
u-PUSTAKA